Evolución y perspectivas de la cooperación financiera en América Latina (Registro nro. 6649)

Detalles MARC
000 -LEADER
fixed length control field 01178 a2200193 4500
001 - CONTROL NUMBER
control field 59314
005 - DATE AND TIME OF LATEST TRANSACTION
control field 20260407155847.0
008 - FIXED-LENGTH DATA ELEMENTS--GENERAL INFORMATION
fixed length control field 260407a1982 arg spa d
003 - CONTROL NUMBER IDENTIFIER
control field AR-UNSa-BCEJYS
040 ## - CATALOGING SOURCE
Original cataloging agency AR-UNSa-BCEJYS
Language of cataloging spa
Transcribing agency AR-UNSa-BCEJYS
080 ## - UNIVERSAL DECIMAL CLASSIFICATION NUMBER
Universal Decimal Classification number 338.2(8)
Common auxiliary subdivision Política económica. Control de la economía. gestión de la economía. planificación económica en América Latina
100 1# - MAIN ENTRY--PERSONAL NAME
Personal name Echegaray Simonet, Alfredo
245 10 - TITLE STATEMENT
Title Evolución y perspectivas de la cooperación financiera en América Latina
264 #1 - PRODUCTION, PUBLICATION, DISTRIBUTION, MANUFACTURE, AND COPYRIGHT NOTICE
Place of production, publication, distribution, manufacture Buenos Aires :
Name of producer, publisher, distributor, manufacturer BID/INTAL (Banco Interamericano de Desarrollo. Instituto para la integración de América Latina)
Date of production, publication, distribution, manufacture, or copyright notice 1982
300 ## - PHYSICAL DESCRIPTION
Extent 147 p.
Dimensions 22 cm.
505 ## - FORMATTED CONTENTS NOTE
Formatted contents note 1. Reseña histórica y modalidades de la cooperación financiera en América Latina – 2. Mecanismos de financiamiento de la inversión – 3. Mecanismos multilaterales de pagos – 4. Mecanismos de apoyo a las balanzas de pagos – 5. Nuevas modalidades de cooperación financiera – 6. La cooperación interinstitucional bancaria – 7. Evaluación y perspectivas de la cooperación financiera latinoamericana -
590 ## - LOCAL NOTE (RLIN)
Local note niveau_biblio:m niveau_hierar:0
942 ## - ADDED ENTRY ELEMENTS (KOHA)
Koha item type
Existencias
Withdrawn status Lost status Damaged status Not for loan Home library Current library Shelving location Date acquired Total checkouts Full call number Barcode Date last seen Price effective from Koha item type
        Biblioteca Prof. Eusebio Cleto del Rey Biblioteca Prof. Eusebio Cleto del Rey   07/04/2026   338.2(8) E18 L44078 07/04/2026 07/04/2026 Libro
        Biblioteca Prof. Eusebio Cleto del Rey Biblioteca Prof. Eusebio Cleto del Rey   07/04/2026   338.2(8) E18 L44032 07/04/2026 07/04/2026 Libro